000 00694nam a2200265Ia 4500
005 20260121170607.0
008 008 260114s9999 xx 000 0 eng d
020 _a9789811088575
037 _aEBOOK
040 _aCRL
040 _beng
040 _cCRL
041 _2eng
041 _aeng
084 _qCRL
100 _aSarojni Choy, Gun-Britt Wärvik, Viveca Lindberg
_91065780
245 0 _aIntegration of Vocational Education and Training Experiences
260 _bSpringer
260 _bSpringer
260 _c2018
856 _uhttps://link.springer.com/openurl?genre=book&isbn=978-981-10-8857-5
942 _cEBOOK
999 _c1631510
_d1631510